| 000 | 00424nam a2200181Ia 4500 | ||
|---|---|---|---|
| 005 | 20250423094700.0 | ||
| 008 | 250422s9999 xx 000 0 und d | ||
| 020 | _a0- 87150- 443- X | ||
| 050 | _aQA 303 .S94/ | ||
| 100 | _a Earl W. Swokowski | ||
| 245 | 0 | _aCalculus with analytic geometry | |
| 250 | _a3rd ed. | ||
| 260 | _bPWS publishers | ||
| 260 | _c1983 | ||
| 300 | _a922 p | ||
| 650 | _aCalculus | ||
| 942 | _cBK | ||
| 999 |
_c27972 _d27972 |
||